[Event "Ruhrgebiet Verbandsliga1 1112"]
[Site "Nordrheinwestfalen"]
[Date "2012.04.22"]
[Round "9.2"]
[White "Schwalen, Peter"]
[Black "Pruess, Wilfried"]
[Result "1/2-1/2"]
[WhiteElo "2052"]
[BlackElo "2119"]
[PlyCount "42"]
[EventDate "2012.09.18"]
[EventType "team-tourn"]
[EventRounds "9"]
[EventCountry "GER"]
[SourceTitle "EXT 2020"]
[Source "ChessBase"]
[SourceDate "2019.10.17"]
[SourceVersion "1"]
[SourceVersionDate "2019.10.17"]
[SourceQuality "1"]
[WhiteTeam "Essen Ueberruhr"]
[BlackTeam "Koenigsspringer Hamm"]
[WhiteTeamCountry "GER"]
[BlackTeamCountry "GER"]

1. Nf3 Nf6 2. c4 e6 3. d4 b6 4. g3 Bb7 5. Bg2 d5 6. Ne5 Be7 7. Qa4+ c6 8. cxd5 exd5 9. 0-0 0-0 10. Nc3 Re8 11. Bf4 a6 12. Rad1 Qc8 13. e4 b5 14. Qb3 Qd8 15. a3 h6 16. Rfe1 a5 17. exd5 a4 18. Qc2 Nxd5 19. Nxd5 cxd5 20. Qf5 Bf6 21. Qh5 Bxe5 1/2-1/2

[Event "Ruhrgebiet Verbandsliga1 1112"]
[Site "Nordrheinwestfalen"]
[Date "2012.03.04"]
[Round "7.2"]
[White "Schwalen, Peter"]
[Black "Leveikina, Jevgenija"]
[Result "1/2-1/2"]
[WhiteElo "2052"]
[BlackElo "1994"]
[PlyCount "40"]
[EventDate "2012.09.18"]
[EventType "team-tourn"]
[EventRounds "9"]
[EventCountry "GER"]
[SourceTitle "EXT 2020"]
[Source "ChessBase"]
[SourceDate "2019.10.17"]
[SourceVersion "1"]
[SourceVersionDate "2019.10.17"]
[SourceQuality "1"]
[WhiteTeam "Essen Ueberruhr"]
[BlackTeam "Herne Sodingen II"]
[WhiteTeamCountry "GER"]
[BlackTeamCountry "GER"]

1. e4 c6 2. d4 d5 3. Nc3 dxe4 4. Nxe4 Nf6 5. Nxf6+ exf6 6. Nf3 Bd6 7. Be2 0-0 8. 0-0 Bg4 9. Re1 Qc7 10. h3 Bh5 11. Nd2 Bg6 12. Nc4 Bh2+ 13. Kh1 Bf4 14. c3 Nd7 15. Bxf4 Qxf4 16. Kg1 Rfe8 17. Qd2 Qc7 18. Bd3 c5 19. Bxg6 hxg6 20. dxc5 Nxc5 1/2-1/2

[Event "Ruhrgebiet Verbandsliga1 1112"]
[Site "Nordrheinwestfalen"]
[Date "2011.11.13"]
[Round "3.2"]
[White "Konietzka, Bernd"]
[Black "Schwalen, Peter"]
[Result "1/2-1/2"]
[WhiteElo "1868"]
[BlackElo "2052"]
[PlyCount "21"]
[EventDate "2012.09.18"]
[EventType "team-tourn"]
[EventRounds "9"]
[EventCountry "GER"]
[SourceTitle "EXT 2020"]
[Source "ChessBase"]
[SourceDate "2019.10.17"]
[SourceVersion "1"]
[SourceVersionDate "2019.10.17"]
[SourceQuality "1"]
[WhiteTeam "Horst Emscher II"]
[BlackTeam "Essen Ueberruhr"]
[WhiteTeamCountry "GER"]
[BlackTeamCountry "GER"]

1. e4 d6 2. d4 Nf6 3. Nc3 e5 4. Nf3 Nbd7 5. Bg5 Be7 6. Bc4 0-0 7. 0-0 c6 8. dxe5 dxe5 9. Qe2 b5 10. Bb3 Bb7 11. Rad1 1/2-1/2

[Event "Ruhrgebiet Verbandsliga1 1112"]
[Site "Nordrheinwestfalen"]
[Date "2011.09.18"]
[Round "1.2"]
[White "Nautsch, Werner"]
[Black "Schwalen, Peter"]
[Result "1-0"]
[WhiteElo "2080"]
[BlackElo "2052"]
[PlyCount "71"]
[EventDate "2012.09.18"]
[EventType "team-tourn"]
[EventRounds "9"]
[EventCountry "GER"]
[SourceTitle "EXT 2020"]
[Source "ChessBase"]
[SourceDate "2019.10.17"]
[SourceVersion "1"]
[SourceVersionDate "2019.10.17"]
[SourceQuality "1"]
[WhiteTeam "Katernberg SF III"]
[BlackTeam "Essen Ueberruhr"]
[WhiteTeamCountry "GER"]
[BlackTeamCountry "GER"]

1. c4 Nf6 2. Nf3 e6 3. g3 b6 4. Bg2 Bb7 5. 0-0 c5 6. d3 Be7 7. Re1 0-0 8. e4 d6 9. Nc3 Nbd7 10. b3 a6 11. d4 cxd4 12. Nxd4 Qc7 13. Bb2 Rac8 14. Rc1 Rfe8 15. Bh3 Bf8 16. Qd2 Qc5 17. Bg2 Ba8 18. Rcd1 Qh5 19. h3 g5 20. Bc1 h6 21. g4 Qg6 22. Qe3 Ne5 23. Nf3 Nxf3+ 24. Bxf3 Nd7 25. Na4 b5 26. cxb5 axb5 27. Nb6 Nxb6 28. Qxb6 Qf6 29. Kg2 Rc2 30. Qxb5 Rec8 31. a4 R8c3 32. Be3 Bc6 33. Qb6 Rxf2+ 34. Kxf2 Bxe4 35. Re2 Bxf3 36. Bd4 1-0

[Event "Ruhrgebiet Regionalliga 1011"]
[Site "Nordrheinwestfalen"]
[Date "2011.05.08"]
[Round "9.5"]
[White "Hufelschulte, Norbert"]
[Black "Schwalen, Peter"]
[Result "1-0"]
[WhiteElo "2019"]
[BlackElo "2041"]
[PlyCount "29"]
[EventDate "2010.09.19"]
[EventType "team-tourn"]
[EventRounds "9"]
[EventCountry "GER"]
[SourceTitle "EXT 2020"]
[Source "ChessBase"]
[SourceDate "2019.10.17"]
[SourceVersion "1"]
[SourceVersionDate "2019.10.17"]
[SourceQuality "1"]
[WhiteTeam "Hamm SVg"]
[BlackTeam "Essen Ueberruhr"]
[WhiteTeamCountry "GER"]
[BlackTeamCountry "GER"]

1. d4 d6 2. Nf3 Nf6 3. h3 c5 4. c3 Nc6 5. dxc5 dxc5 6. Qxd8+ Nxd8 7. Bf4 Nc6 8. Na3 a6 9. Nc4 Nd7 10. a4 f6 11. e4 e5 12. Bc1 b6 13. Be2 Bb7 14. 0-0 Kd8 15. Rd1 1-0

[Event "Ruhrgebiet Regionalliga 1011"]
[Site "Nordrheinwestfalen"]
[Date "2011.04.03"]
[Round "8.4"]
[White "Ackermann, Frank"]
[Black "Schwalen, Peter"]
[Result "1/2-1/2"]
[WhiteElo "1985"]
[BlackElo "2041"]
[PlyCount "31"]
[EventDate "2010.09.19"]
[EventType "team-tourn"]
[EventRounds "9"]
[EventCountry "GER"]
[SourceTitle "EXT 2020"]
[Source "ChessBase"]
[SourceDate "2019.10.17"]
[SourceVersion "1"]
[SourceVersionDate "2019.10.17"]
[SourceQuality "1"]
[WhiteTeam "Oberhausen SV II"]
[BlackTeam "Essen Ueberruhr"]
[WhiteTeamCountry "GER"]
[BlackTeamCountry "GER"]

1. e4 d6 2. Nc3 e5 3. Bc4 Nf6 4. d3 c6 5. f4 Be7 6. fxe5 dxe5 7. Nf3 Nbd7 8. 0-0 0-0 9. Bb3 Nc5 10. Kh1 Bg4 11. Qe1 Bxf3 12. Rxf3 a5 13. Be3 Nfd7 14. Qf2 Bh4 15. g3 Nxb3 16. axb3 1/2-1/2

[Event "Ruhrgebiet Regionalliga 1011"]
[Site "Nordrheinwestfalen"]
[Date "2011.02.13"]
[Round "6.5"]
[White "Schwalen, Peter"]
[Black "Ciornei, Dragos"]
[Result "1/2-1/2"]
[WhiteElo "2041"]
[BlackElo "2092"]
[PlyCount "38"]
[EventDate "2010.09.19"]
[EventType "team-tourn"]
[EventRounds "9"]
[EventCountry "GER"]
[SourceTitle "EXT 2020"]
[Source "ChessBase"]
[SourceDate "2019.10.17"]
[SourceVersion "1"]
[SourceVersionDate "2019.10.17"]
[SourceQuality "1"]
[WhiteTeam "Essen Ueberruhr"]
[BlackTeam "Horst Emscher"]
[WhiteTeamCountry "GER"]
[BlackTeamCountry "GER"]

1. e4 e5 2. Nf3 Nc6 3. Bb5 f5 4. d3 fxe4 5. dxe4 Nf6 6. 0-0 d6 7. Bg5 Be7 8. Bxf6 Bxf6 9. Qd5 Bd7 10. Nc3 Qe7 11. Qc4 a6 12. Bxc6 bxc6 13. Rad1 Qf7 14. Qxf7+ Kxf7 15. Rfe1 Rhb8 16. b3 a5 17. Nd2 Be6 18. Na4 h5 19. c4 c5 1/2-1/2

[Event "Ruhrgebiet Regionalliga 1011"]
[Site "Nordrheinwestfalen"]
[Date "2011.01.23"]
[Round "5.5"]
[White "Seepe, Udo"]
[Black "Schwalen, Peter"]
[Result "1/2-1/2"]
[WhiteElo "2160"]
[BlackElo "2041"]
[PlyCount "57"]
[EventDate "2010.09.19"]
[EventType "team-tourn"]
[EventRounds "9"]
[EventCountry "GER"]
[SourceTitle "EXT 2020"]
[Source "ChessBase"]
[SourceDate "2019.10.17"]
[SourceVersion "1"]
[SourceVersionDate "2019.10.17"]
[SourceQuality "1"]
[WhiteTeam "Kamen SV"]
[BlackTeam "Essen Ueberruhr"]
[WhiteTeamCountry "GER"]
[BlackTeamCountry "GER"]

1. c4 e5 2. g3 Nf6 3. Bg2 d5 4. cxd5 Nxd5 5. Nc3 Nb6 6. Nf3 Nc6 7. 0-0 Be7 8. d3 0-0 9. Be3 Be6 10. Na4 Nxa4 11. Qxa4 Qd7 12. Rac1 f6 13. Nd2 Bd5 14. Ne4 Rfd8 15. Bc5 b6 16. Be3 f5 17. Bh3 a6 18. Nc3 b5 19. Qd1 Be6 20. Bg2 Nd4 21. Bxa8 Rxa8 22. Nb1 f4 23. Bxd4 Qxd4 24. Nd2 fxg3 25. hxg3 c5 26. b3 Rf8 27. Ne4 Bf5 28. e3 Qd5 29. f3 1/2-1/2

[Event "Ruhrgebiet Regionalliga 1011"]
[Site "Nordrheinwestfalen"]
[Date "2010.10.31"]
[Round "2.6"]
[White "Joergens, Markus"]
[Black "Schwalen, Peter"]
[Result "1-0"]
[WhiteElo "2030"]
[BlackElo "2041"]
[PlyCount "83"]
[EventDate "2010.09.19"]
[EventType "team-tourn"]
[EventRounds "9"]
[EventCountry "GER"]
[SourceTitle "EXT 2020"]
[Source "ChessBase"]
[SourceDate "2019.10.17"]
[SourceVersion "1"]
[SourceVersionDate "2019.10.17"]
[SourceQuality "1"]
[WhiteTeam "Oberhausen SV"]
[BlackTeam "Essen Ueberruhr"]
[WhiteTeamCountry "GER"]
[BlackTeamCountry "GER"]

1. d4 d6 2. c4 Nf6 3. Nc3 e5 4. Nf3 Nbd7 5. e4 c6 6. Be2 Be7 7. 0-0 0-0 8. Re1 a6 9. h3 b5 10. a3 Rb8 11. c5 Re8 12. Be3 Bf8 13. b4 Bb7 14. cxd6 Bxd6 15. Qc2 Qc7 16. Rad1 Rbd8 17. dxe5 Nxe5 18. Nd4 Ng6 19. Nf5 Be5 20. Bc5 Bc8 21. Rxd8 Rxd8 22. a4 Be6 23. a5 Rd7 24. Bb6 Qc8 25. Bf1 h5 26. Rc1 Bxf5 27. exf5 Ne7 28. Ne4 Nxe4 29. Qxe4 Bf6 30. Be2 Nd5 31. Bf3 Re7 32. Qb1 Qe8 33. Bc5 Nc3 34. Bxc6 Qxc6 35. Rxc3 Bxc3 36. Bxe7 Qd5 37. Bc5 Qd2 38. Qe4 Qe1+ 39. Qxe1 Bxe1 40. Kf1 Bc3 41. Ke2 g6 42. Kd3 1-0

[Event "Ruhrgebiet Regionalliga 0910"]
[Site "Germany"]
[Date "2010.01.18"]
[Round "5.3"]
[White "Schwalen, Peter"]
[Black "Nigl, Andreas"]
[Result "1-0"]
[WhiteElo "2149"]
[BlackElo "2161"]
[PlyCount "69"]
[EventDate "2009.09.06"]
[EventType "team-tourn"]
[EventRounds "9"]
[EventCountry "GER"]
[SourceTitle "EXT 2011"]
[Source "ChessBase"]
[SourceDate "2010.11.26"]
[SourceVersion "1"]
[SourceVersionDate "2010.11.26"]
[SourceQuality "1"]
[WhiteTeam "Essen Ueberruhr"]
[BlackTeam "Wattenscheid III"]
[WhiteTeamCountry "GER"]
[BlackTeamCountry "GER"]

1. Nf3 d6 2. d4 f5 3. g3 Nf6 4. Bg2 Nbd7 5. Nbd2 e5 6. e3 Be7 7. b3 0-0 8. Bb2 f4 9. gxf4 exf4 10. e4 Qe8 11. Qe2 c5 12. e5 Nd5 13. 0-0-0 cxd4 14. Nxd4 f3 15. Bxf3 Nf4 16. Qc4+ Kh8 17. exd6 Bxd6 18. Ne4 Be5 19. Rhe1 Nb6 20. Qc5 Nd7 21. Qa5 Qg6 22. Kb1 Nh3 23. Bh1 Bxh2 24. Nf3 Bf4 25. Rg1 Nxg1 26. Rxg1 Qh6 27. Bxg7+ Qxg7 28. Rxg7 Kxg7 29. Nd4 Nf6 30. Nc5 Re8 31. Bxb7 Bxb7 32. Nde6+ Kf7 33. Nxf4 Re5 34. Qc3 Rf5 35. Nxb7 1-0

[Event "Ruhrgebiet Regionalliga 0708"]
[Site "Germany"]
[Date "2008.04.13"]
[Round "8.3"]
[White "Schwalen, Peter"]
[Black "Dargel, Manuel"]
[Result "1/2-1/2"]
[WhiteElo "2171"]
[BlackElo "2249"]
[PlyCount "44"]
[EventDate "2007.09.16"]
[EventType "team"]
[EventRounds "9"]
[EventCountry "GER"]
[SourceTitle "EXT 2009"]
[Source "ChessBase"]
[SourceDate "2008.11.26"]
[SourceVersion "1"]
[SourceVersionDate "2008.11.26"]
[SourceQuality "1"]
[WhiteTeam "Uberruhr"]
[BlackTeam "Hamm "]
[WhiteTeamCountry "GER"]
[BlackTeamCountry "GER"]

1. e4 c5 2. Nf3 e6 3. d4 cxd4 4. Nxd4 Nc6 5. Nc3 Qc7 6. Be2 a6 7. 0-0 Nf6 8. Be3 Bb4 9. Nxc6 dxc6 10. f3 e5 11. Qe1 0-0 12. a3 Be7 13. Na4 b5 14. Nc5 Nd7 15. Qc3 Nxc5 16. Bxc5 Bxc5+ 17. Qxc5 Qa7 18. Qxa7 Rxa7 19. Rfd1 Rd7 20. Rxd7 Bxd7 21. Rd1 Be6 22. Kf2 Rc8 1/2-1/2

[Event "Ruhrgebiet Regionalliga 0708"]
[Site "Germany"]
[Date "2008.03.16"]
[Round "7.4"]
[White "Schwalen, Peter"]
[Black "Steinle, Carsten"]
[Result "0-1"]
[WhiteElo "2171"]
[BlackElo "2102"]
[PlyCount "68"]
[EventDate "2007.09.16"]
[EventType "team"]
[EventRounds "9"]
[EventCountry "GER"]
[SourceTitle "EXT 2009"]
[Source "ChessBase"]
[SourceDate "2008.11.26"]
[SourceVersion "1"]
[SourceVersionDate "2008.11.26"]
[SourceQuality "1"]
[WhiteTeam "Uberruhr"]
[BlackTeam "Ahlen"]
[WhiteTeamCountry "GER"]
[BlackTeamCountry "GER"]

1. Nf3 b6 2. d4 Bb7 3. c4 Nf6 4. g3 e6 5. Bg2 d5 6. Ne5 Bb4+ 7. Bd2 Bxd2+ 8. Nxd2 0-0 9. 0-0 Nbd7 10. Nxd7 Qxd7 11. Rc1 Rac8 12. b4 Rfd8 13. c5 Qb5 14. Rb1 Bc6 15. e3 Rb8 16. cxb6 cxb6 17. Re1 Qa6 18. Bf1 Bb5 19. Bxb5 Qxb5 20. a4 Qd3 21. Rb3 Qa6 22. Rc3 Rbc8 23. b5 Qa5 24. Rc6 Rxc6 25. bxc6 Rc8 26. Qc2 Ne4 27. Nf3 Ng5 28. Nxg5 Qxe1+ 29. Kg2 g6 30. c7 Qb4 31. h4 Qe7 32. e4 Qxc7 33. Qe2 h6 34. Nf3 Qc2 0-1

[Event "Ruhrgebiet Regionalliga 0708"]
[Site "Germany"]
[Date "2008.02.24"]
[Round "6.5"]
[White "Schwalen, Peter"]
[Black "Humburg, Juergen"]
[Result "0-1"]
[WhiteElo "2171"]
[BlackElo "2132"]
[PlyCount "70"]
[EventDate "2007.09.16"]
[EventType "team"]
[EventRounds "9"]
[EventCountry "GER"]
[SourceTitle "EXT 2009"]
[Source "ChessBase"]
[SourceDate "2008.11.26"]
[SourceVersion "1"]
[SourceVersionDate "2008.11.26"]
[SourceQuality "1"]
[WhiteTeam "Uberruhr"]
[BlackTeam "Oberhausen"]
[WhiteTeamCountry "GER"]
[BlackTeamCountry "GER"]

1. Nf3 Nf6 2. c4 e6 3. Nc3 d5 4. d4 c6 5. e3 Bd6 6. Qc2 Nbd7 7. Bd3 dxc4 8. Bxc4 0-0 9. 0-0 b5 10. Bd3 Bb7 11. Rd1 Qe7 12. a4 b4 13. Ne4 Nxe4 14. Bxe4 Nf6 15. Bd3 c5 16. dxc5 Bxc5 17. Ne5 Rac8 18. Qe2 a5 19. Nc4 Ra8 20. e4 e5 21. Bg5 Qe6 22. Rac1 Bd4 23. h3 Nd7 24. Be3 Nc5 25. Bxd4 exd4 26. Nd2 Nxa4 27. Nf3 Qf6 28. Qc2 Nb6 29. Qc7 Rab8 30. Qc5 Na4 31. Qc2 Nb6 32. Qc5 Ra8 33. Qc7 Rab8 34. e5 Qd8 35. Ng5 Qxg5 0-1

[Event "Moehnesee Cup-A"]
[Site "Moehnesee"]
[Date "2005.08.21"]
[Round "6"]
[White "Liedtke, Dirk"]
[Black "Schwalen, Peter"]
[Result "1/2-1/2"]
[WhiteElo "2173"]
[BlackElo "2158"]
[PlyCount "86"]
[EventDate "2005.08.18"]
[EventType "swiss"]
[EventRounds "7"]
[EventCountry "GER"]
[SourceTitle "CBM 108 Extra"]
[Source "ChessBase"]
[SourceDate "2005.11.04"]
[SourceVersion "1"]
[SourceVersionDate "2005.11.04"]
[SourceQuality "1"]

1. c4 Nf6 2. g3 c6 3. Nf3 d5 4. Bg2 Bf5 5. cxd5 cxd5 6. Qb3 Qc8 7. Nc3 e6 8. d3 Nc6 9. Bf4 Nh5 10. Be3 Be7 11. Rc1 Qd7 12. Nb5 0-0 13. 0-0 Rfc8 14. h3 Bg6 15. Nbd4 Nxd4 16. Bxd4 b6 17. Ne5 Qe8 18. e4 dxe4 19. Nxg6 hxg6 20. Bxe4 Rxc1 21. Rxc1 Rc8 22. Rxc8 Qxc8 23. Qa4 Qb8 24. Qc6 Nf6 25. Bg2 Bd8 26. a4 a5 27. Be3 Bc7 28. Kf1 Qd8 29. Ke2 Nd7 30. d4 Nf6 31. Qa8 Nd5 32. Qxd8+ Bxd8 33. Bd2 Kf8 34. Kd3 Ke7 35. Kc4 Nc7 36. b4 axb4 37. Bxb4+ Kd7 38. Bb7 Ne8 39. Bg2 Nd6+ 40. Kd3 Nf5 41. d5 e5 42. g4 Nd6 43. f3 g5 1/2-1/2

[Event "Moehnesee Cup-A"]
[Site "Moehnesee"]
[Date "2005.08.21"]
[Round "7"]
[White "Schwalen, Peter"]
[Black "Richter, Gerald"]
[Result "1/2-1/2"]
[WhiteElo "2158"]
[BlackElo "2156"]
[PlyCount "46"]
[EventDate "2005.08.18"]
[EventType "swiss"]
[EventRounds "7"]
[EventCountry "GER"]
[SourceTitle "CBM 108 Extra"]
[Source "ChessBase"]
[SourceDate "2005.11.04"]
[SourceVersion "1"]
[SourceVersionDate "2005.11.04"]
[SourceQuality "1"]

1. Nf3 c5 2. c4 Nc6 3. g3 e6 4. Bg2 d5 5. 0-0 Nf6 6. cxd5 exd5 7. d4 Be7 8. Nc3 0-0 9. Bg5 cxd4 10. Nxd4 h6 11. Be3 Re8 12. Nxc6 bxc6 13. Na4 Bg4 14. h3 Bf5 15. Rc1 Qc8 16. Kh2 Qa6 17. a3 Nd7 18. Re1 Qb5 19. b4 Qa6 20. Bd4 Bf6 21. e3 Bxd4 22. Bf1 Qb7 23. Qxd4 a5 1/2-1/2

[Event "Balatonlelle op"]
[Site "Balatonlelle"]
[Date "2005.06.25"]
[Round "8"]
[White "Liptay, Laszlo"]
[Black "Schwalen, Peter"]
[Result "1/2-1/2"]
[WhiteElo "2355"]
[BlackElo "2195"]
[PlyCount "35"]
[EventDate "2005.06.18"]
[EventType "swiss"]
[EventRounds "9"]
[EventCountry "HUN"]
[SourceTitle "EXT 2008"]
[Source "ChessBase"]
[SourceDate "2007.11.25"]
[SourceVersion "1"]
[SourceVersionDate "2007.11.25"]
[SourceQuality "1"]

1. d4 d5 2. Nf3 e6 3. g3 Nf6 4. Bg2 Be7 5. 0-0 0-0 6. c4 dxc4 7. Qc2 a6 8. Qxc4 b5 9. Qc2 Bb7 10. Bd2 Be4 11. Qc1 c6 12. a4 b4 13. Be3 Nbd7 14. Nbd2 Bd5 15. Bg5 Rc8 16. Ne1 Bxg2 17. Kxg2 c5 18. Qc4 1/2-1/2

[Event "Balatonlelle op"]
[Site "Balatonlelle"]
[Date "2005.06.18"]
[Round "1"]
[White "Tatar Kis, Szabolcs"]
[Black "Schwalen, Peter"]
[Result "1-0"]
[WhiteElo "2425"]
[BlackElo "2195"]
[PlyCount "73"]
[EventDate "2005.06.18"]
[EventType "swiss"]
[EventRounds "9"]
[EventCountry "HUN"]
[SourceTitle "EXT 2008"]
[Source "ChessBase"]
[SourceDate "2007.11.25"]
[SourceVersion "1"]
[SourceVersionDate "2007.11.25"]
[SourceQuality "1"]

1. e4 c5 2. Nf3 d6 3. d4 cxd4 4. Nxd4 Nf6 5. Nc3 a6 6. Bc4 e6 7. Bb3 b5 8. 0-0 Qb6 9. Re1 Be7 10. a4 b4 11. Na2 0-0 12. c3 bxc3 13. Nxc3 Nc6 14. Be3 Nxd4 15. Bxd4 Qb4 16. a5 Bd7 17. Na4 Bxa4 18. Rxa4 Qb7 19. Bc3 d5 20. exd5 Rfd8 21. Rd4 Bc5 22. Rd2 Nxd5 23. Re5 Qa7 24. Bxd5 exd5 25. b4 Bf8 26. Rexd5 Rxd5 27. Rxd5 Rc8 28. Rd7 Qa8 29. Qb3 Kh8 30. h3 Qc6 31. Rd3 Qb5 32. Rf3 f5 33. Qe6 Rd8 34. Qxf5 Rd1+ 35. Kh2 Bd6+ 36. g3 Qc4 37. Qf7 1-0